[Event "TUR-chT 1st League"]
[Site "Konya"]
[Date "2017.07.20"]
[Round "5.6"]
[White "Baspinar, Lara"]
[Black "Oncu, Tugce"]
[Result "1-0"]
[WhiteElo "1652"]
[BlackElo "1664"]
[PlyCount "99"]
[EventDate "2017.07.17"]
[EventType "team-swiss"]
[EventRounds "9"]
[EventCountry "TUR"]
[SourceTitle "CBM 179 Extra"]
[Source "ChessBase"]
[SourceDate "2017.08.23"]
[SourceVersion "1"]
[SourceVersionDate "2017.08.23"]
[SourceQuality "1"]
[WhiteTeam "Callica Burdur"]
[BlackTeam "Biltis Tatvan"]
[WhiteTeamCountry "TUR"]
[BlackTeamCountry "TUR"]

1. c4 Nf6 2. Nc3 g6 3. d4 Bg7 4. e4 d6 5. Be2 0-0 6. Bg5 h6 7. Be3 e5 8. d5 c6 9. f3 cxd5 10. cxd5 Bd7 11. g4 Ne8 12. h4 a5 13. Qd2 Kh7 14. Nh3 Rh8 15. 0-0-0 Kg8 16. Rdf1 Qc8 17. Kb1 a4 18. h5 g5 19. Bb6 f6 20. Rc1 Na6 21. Nxa4 Qb8 22. Nc3 Nec7 23. Nf2 Kf7 24. Nfd1 Rc8 25. Ne3 Bf8 26. Nf5 Nc5 27. Qe3 Na4 28. Nxa4 Bxa4 29. Qc3 Ne8 30. Qxc8 Qxc8 31. Rxc8 Rxc8 32. Rc1 Bd7 33. Rxc8 Bxc8 34. Bb5 Bxf5 35. exf5 Be7 36. a4 Ng7 37. b4 Bf8 38. Bd7 Ke7 39. Bc8 Ne8 40. Bxb7 Kd7 41. Bc6+ Kc8 42. Bxe8 Be7 43. Bc6 Bd8 44. Bxd8 Kxd8 45. Kc2 Kc7 46. Kc3 Kb6 47. Kc4 Ka6 48. a5 Ka7 49. Kb5 Kb8 50. Kb6 1-0

[Event "TUR-ch (Women)"]
[Site "Aksu"]
[Date "2017.03.10"]
[Round "9"]
[White "Oncu, Tugce"]
[Black "Incecik, Seyma Zeynep"]
[Result "1/2-1/2"]
[WhiteElo "1546"]
[BlackElo "1715"]
[PlyCount "83"]
[EventDate "2017.03.06"]
[EventType "swiss"]
[EventRounds "9"]
[EventCountry "TUR"]
[SourceTitle "CBM 177 Extra"]
[Source "ChessBase"]
[SourceDate "2017.04.27"]
[SourceVersion "1"]
[SourceVersionDate "2017.04.27"]
[SourceQuality "1"]

1. e4 c5 2. c3 e6 3. Nf3 Nc6 4. d4 d5 5. exd5 exd5 6. Be3 Nf6 7. h3 cxd4 8. Nxd4 Bd6 9. Bb5 Bd7 10. Nd2 0-0 11. 0-0 a6 12. Bd3 Ne5 13. Bc2 Nc4 14. Bg5 h6 15. Bh4 Nxd2 16. Bxf6 Qxf6 17. Qxd2 Rfe8 18. Rae1 Bf4 19. Qd3 g6 20. Qf3 Be5 21. Qxf6 Bxf6 22. Nf3 Bb5 23. Rxe8+ Rxe8 24. Rd1 Re2 25. Rd2 Rxd2 26. Nxd2 d4 27. c4 Bc6 28. b4 d3 29. Bxd3 Bc3 30. Ne4 Bxb4 31. Nf6+ Kf8 32. Nd5 Bd6 33. Kf1 f5 34. Ke2 Kf7 35. Bc2 a5 36. a4 Ke6 37. Bb3 g5 38. g4 f4 39. Kd2 Ke5 40. Kd3 Bc5 41. f3 Bd6 42. Kc3 1/2-1/2

[Event "TUR-chT2"]
[Site "Konya"]
[Date "2016.07.21"]
[Round "7.1"]
[White "Okuyaz, Duru"]
[Black "Oncu, Tugce"]
[Result "1-0"]
[WhiteElo "1844"]
[BlackElo "1557"]
[PlyCount "65"]
[EventDate "2016.07.17"]
[EventType "team-swiss"]
[EventRounds "9"]
[EventCountry "TUR"]
[SourceTitle "CBM 173 Extra"]
[Source "ChessBase"]
[SourceDate "2016.08.29"]
[SourceVersion "1"]
[SourceVersionDate "2016.08.29"]
[SourceQuality "1"]
[WhiteTeam "Canakkale Gokceada"]
[BlackTeam "Bitlis Tatvan Egitimi"]
[WhiteTeamCountry "TUR"]
[BlackTeamCountry "TUR"]

1. e4 c5 2. Nf3 d6 3. Bb5+ Bd7 4. Bxd7+ Qxd7 5. 0-0 Nf6 6. Re1 Nc6 7. c3 g6 8. d4 cxd4 9. cxd4 Bg7 10. Nc3 0-0 11. h3 Rfd8 12. d5 Ne5 13. Nxe5 dxe5 14. Qb3 Rac8 15. Be3 b6 16. a4 Rxc3 17. bxc3 Nxe4 18. c4 Nc5 19. Bxc5 bxc5 20. Rab1 Bf6 21. Qb5 Qd6 22. Qb7 Rd7 23. Qb8+ Kg7 24. a5 e6 25. Qxd6 Rxd6 26. dxe6 Rxe6 27. Red1 Re7 28. a6 Re6 29. Rb7 Rxa6 30. Rdd7 h5 31. Rxf7+ Kg8 32. Rfc7 Rd6 33. Rc8+ 1-0

[Event "TUR-chT2"]
[Site "Konya"]
[Date "2016.07.18"]
[Round "2.2"]
[White "Erece, Ece Alkim"]
[Black "Oncu, Tugce"]
[Result "1-0"]
[WhiteElo "1775"]
[BlackElo "1557"]
[PlyCount "83"]
[EventDate "2016.07.17"]
[EventType "team-swiss"]
[EventRounds "9"]
[EventCountry "TUR"]
[SourceTitle "CBM 173 Extra"]
[Source "ChessBase"]
[SourceDate "2016.08.29"]
[SourceVersion "1"]
[SourceVersionDate "2016.08.29"]
[SourceQuality "1"]
[WhiteTeam "Bursa Buyuksehir"]
[BlackTeam "Bitlis Tatvan Egitimi"]
[WhiteTeamCountry "TUR"]
[BlackTeamCountry "TUR"]

1. e4 c5 2. Nc3 Nc6 3. g3 g6 4. Bg2 Bg7 5. d3 e6 6. Be3 Nd4 7. Qd2 Ne7 8. Nge2 d5 9. Nf4 Nxc2+ 10. Qxc2 d4 11. Bd2 dxc3 12. bxc3 Bd7 13. 0-0 Rc8 14. Qb2 Bc6 15. Qb3 Qd7 16. Be3 b6 17. a4 0-0 18. Rfd1 Rfd8 19. d4 cxd4 20. cxd4 Qb7 21. f3 Qd7 22. Bh3 Qe8 23. Ra2 Bd7 24. Nd3 Nc6 25. Nb2 e5 26. Bxd7 Qxd7 27. dxe5 Qe7 28. Rxd8+ Rxd8 29. f4 Qd7 30. Nc4 Nd4 31. Qd1 Nc6 32. Rd2 Qc7 33. Nd6 Bf8 34. Rd5 Ne7 35. Nb5 Rxd5 36. exd5 Qc4 37. d6 Nf5 38. Bf2 Qc8 39. d7 Qd8 40. Nxa7 Ne7 41. Kf1 Bg7 42. Bxb6 1-0

[Event "TUR-ch (Women)"]
[Site "Cesme"]
[Date "2016.03.12"]
[Round "9"]
[White "Oncu, Tugce"]
[Black "Ayan, Bengu Sena"]
[Result "0-1"]
[WhiteElo "1506"]
[BlackElo "1717"]
[PlyCount "52"]
[EventDate "2016.03.07"]
[EventType "swiss"]
[EventRounds "9"]
[EventCountry "TUR"]
[SourceTitle "CBM 171 Extra"]
[Source "ChessBase"]
[SourceDate "2016.04.26"]
[SourceVersion "1"]
[SourceVersionDate "2016.04.26"]
[SourceQuality "1"]

1. e4 e6 2. d4 d5 3. Nc3 Nf6 4. Bg5 dxe4 5. Nxe4 Nbd7 6. Nf3 h6 7. Bxf6 Nxf6 8. Nxf6+ Qxf6 9. Bb5+ c6 10. Bd3 Bd6 11. Qe2 Bd7 12. c3 0-0-0 13. 0-0-0 Kb8 14. Kb1 Rhe8 15. Ne5 Bc8 16. g3 Qe7 17. f4 f6 18. Nc4 Bc7 19. a4 c5 20. dxc5 Qxc5 21. b4 Qc6 22. a5 e5 23. Qb2 Rxd3 24. Rxd3 Qxh1+ 25. Ka2 Be6 26. Qb3 Qc6 0-1

[Event "TUR-ch (Women)"]
[Site "Cesme"]
[Date "2016.03.11"]
[Round "7"]
[White "Oncu, Tugce"]
[Black "Alev, Gonulden Seda"]
[Result "1/2-1/2"]
[WhiteElo "1506"]
[BlackElo "1617"]
[PlyCount "110"]
[EventDate "2016.03.07"]
[EventType "swiss"]
[EventRounds "9"]
[EventCountry "TUR"]
[SourceTitle "CBM 171 Extra"]
[Source "ChessBase"]
[SourceDate "2016.04.26"]
[SourceVersion "1"]
[SourceVersionDate "2016.04.26"]
[SourceQuality "1"]

1. e4 e5 2. Nf3 Nc6 3. Bc4 Bc5 4. c3 Nf6 5. d3 0-0 6. 0-0 d5 7. exd5 Nxd5 8. h3 h6 9. Re1 Nb6 10. Bb3 Re8 11. Nxe5 Bxf2+ 12. Kxf2 Nxe5 13. d4 Nec4 14. Rxe8+ Qxe8 15. Qd3 Qc6 16. Nd2 Be6 17. Bc2 g6 18. Qg3 Bd5 19. b3 Qf6+ 20. Kg1 Nd6 21. Bb2 Re8 22. Rf1 Qe6 23. c4 Be4 24. d5 Nxd5 25. cxd5 Bxd5 26. Qc3 Qe3+ 27. Qxe3 Rxe3 28. Kf2 Re6 29. g3 c5 30. Re1 c4 31. Rxe6 Bxe6 32. Be5 cxb3 33. Bxb3 Bxb3 34. axb3 Nb5 35. Ke3 Kf8 36. Nc4 Ke7 37. g4 f6 38. Bf4 g5 39. Bb8 b6 40. Kd3 Kd7 41. Ne3 a5 42. Nd5 Kc6 43. Nxf6 Nd6 44. Ng8 Nf7 45. Kd4 b5 46. Bg3 a4 47. bxa4 bxa4 48. Kc4 a3 49. Kb3 Kd5 50. Nf6+ Kd4 51. Kxa3 Ke3 52. Kb4 Kf3 53. Be1 Kg2 54. h4 gxh4 55. Bxh4 Kh3 1/2-1/2

[Event "TUR-chT2"]
[Site "Konya"]
[Date "2014.06.25"]
[Round "4.8"]
[White "Oncu, Tugce"]
[Black "Aslan, Lina"]
[Result "1-0"]
[WhiteElo "1424"]
[BlackElo "1535"]
[PlyCount "102"]
[EventDate "2014.06.23"]
[EventType "team-swiss"]
[EventRounds "9"]
[EventCountry "TUR"]
[SourceTitle "CBM 161 Extra"]
[Source "ChessBase"]
[SourceDate "2014.08.29"]
[SourceVersion "1"]
[SourceVersionDate "2014.08.29"]
[SourceQuality "1"]
[WhiteTeam "Gokce"]
[BlackTeam "Tasduvar"]
[WhiteTeamCountry "TUR"]
[BlackTeamCountry "TUR"]

1. e4 c5 2. c3 d5 3. exd5 Qxd5 4. d4 Nc6 5. Nf3 cxd4 6. cxd4 e6 7. a3 Nf6 8. Nc3 Qd6 9. Be2 Be7 10. 0-0 0-0 11. h3 Rd8 12. Be3 b6 13. Qd2 Bb7 14. Rfd1 Rac8 15. Rac1 Qd7 16. Bf4 Nd5 17. Bg5 h6 18. Bxe7 Ncxe7 19. Ne5 Qd6 20. Nb5 Qb8 21. Rxc8 Bxc8 22. Bf3 f6 23. Nd3 Nf5 24. Nb4 Nxb4 25. Qxb4 a6 26. Nc3 Bb7 27. Bg4 Qc7 28. d5 Qe5 29. Qxb6 Rb8 30. Qxe6+ Qxe6 31. dxe6 Ne7 32. Ne2 f5 33. Bf3 Bxf3 34. gxf3 g5 35. b4 Rb6 36. Rd8+ Kg7 37. Nd4 Kf6 38. Rh8 Kg7 39. Rd8 Kf6 40. Rf8+ Ke5 41. Rf7 Kxd4 42. Rxe7 Ke5 43. Kf1 Rxe6 44. Rxe6+ Kxe6 45. Ke2 Kd5 46. Kd3 Ke5 47. a4 h5 48. b5 axb5 49. axb5 Kd5 50. b6 Kc6 51. Kd4 Kxb6 1-0

[Event "TUR-ch (Women)"]
[Site "Kemer"]
[Date "2012.02.02"]
[Round "8"]
[White "Ozbay, Ece"]
[Black "Oncu, Tugce"]
[Result "1-0"]
[WhiteElo "1336"]
[BlackElo "1463"]
[PlyCount "137"]
[EventDate "2012.01.29"]
[EventType "swiss"]
[EventRounds "9"]
[EventCountry "TUR"]
[SourceTitle "CBM 146 Extra"]
[Source "ChessBase"]
[SourceDate "2012.02.29"]
[SourceVersion "1"]
[SourceVersionDate "2012.02.29"]
[SourceQuality "1"]

1. e4 e5 2. Nf3 Nf6 3. Nc3 Bb4 4. Nxe5 0-0 5. Nd3 Bxc3 6. dxc3 Re8 7. e5 d6 8. f4 Nc6 9. Be2 dxe5 10. fxe5 Nxe5 11. 0-0 Qe7 12. Bg5 Nc4 13. Bf3 Nxb2 14. Nxb2 Qc5+ 15. Qd4 Qxg5 16. Rae1 Rxe1 17. Rxe1 h6 18. Qd8+ Kh7 19. Qxc7 Qd2 20. Nd3 Qxc2 21. Ne5 Qxa2 22. Nxf7 Qa6 23. Kh1 Qd3 24. Ne5 Qd2 25. Rd1 Qe3 26. h3 Ne4 27. Ng4 Nf2+ 28. Nxf2 Qxf2 29. Rd8 Qe1+ 30. Kh2 Qe6 31. Bg4 Qc6 32. Qxc6 bxc6 33. Rxc8 Rxc8 34. Bxc8 a5 35. Bd7 c5 36. Kg3 Kg6 37. Kf4 Kf6 38. Ke4 Ke7 39. Bb5 Ke6 40. c4 g6 41. h4 Kd6 42. Be8 Ke6 43. Bxg6 a4 44. Kd3 Ke5 45. Kc3 Kf4 46. Bf7 Kg3 47. Bd5 Kxh4 48. Kb2 Kg3 49. Ka3 Kf4 50. Kxa4 Ke5 51. Kb5 Kd6 52. g4 Kd7 53. Kxc5 Kc7 54. Kb5 Kd6 55. Kb6 h5 56. gxh5 Ke5 57. h6 Kf6 58. c5 Kg6 59. c6 Kxh6 60. c7 Kg6 61. c8Q Kg5 62. Qf8 Kg4 63. Qf2 Kg5 64. Bf7 Kg4 65. Kc5 Kg5 66. Kd5 Kg4 67. Ke5 Kg5 68. Qg3+ Kh6 69. Qg6# 1-0

[Event "TUR-ch (Women)"]
[Site "Kemer"]
[Date "2012.01.30"]
[Round "3"]
[White "Oncu, Tugce"]
[Black "Abdimanoglu, Beste Basak"]
[Result "0-1"]
[WhiteElo "1463"]
[BlackElo "1741"]
[PlyCount "106"]
[EventDate "2012.01.29"]
[EventType "swiss"]
[EventRounds "9"]
[EventCountry "TUR"]
[SourceTitle "CBM 146 Extra"]
[Source "ChessBase"]
[SourceDate "2012.02.29"]
[SourceVersion "1"]
[SourceVersionDate "2012.02.29"]
[SourceQuality "1"]

1. e4 c5 2. c3 d5 3. exd5 Qxd5 4. d4 Nf6 5. Nf3 Bg4 6. Be2 e6 7. Na3 Nc6 8. 0-0 Be7 9. Be3 cxd4 10. Nb5 Rc8 11. Nbxd4 0-0 12. Re1 Rfd8 13. Nxc6 Qxc6 14. Nd4 Qe4 15. Bg5 Bxe2 16. Qxe2 Qg6 17. Bh4 Bc5 18. Rac1 Bxd4 19. cxd4 Rxc1 20. Rxc1 Qh6 21. Qc4 Qxh4 22. Qc8 Qxd4 23. h3 Ne4 24. Kh2 Qd6+ 25. Kg1 Rxc8 26. Rxc8+ Qf8 27. Rxf8+ Kxf8 28. Kf1 Ke7 29. Ke2 Kd6 30. Ke3 Kd5 31. f3 Nc5 32. g3 e5 33. g4 g6 34. g5 Ne6 35. h4 Nf4 36. Kf2 Nd3+ 37. Ke3 Nxb2 38. Ke2 Kd4 39. a3 Nc4 40. a4 Nb2 41. a5 Nc4 42. a6 b5 43. f4 e4 44. h5 b4 45. h6 b3 46. f5 b2 47. fxg6 fxg6 48. Kf2 b1Q 49. Ke2 Qd3+ 50. Kf2 Qf3+ 51. Ke1 Qg2 52. Kd1 Kd3 53. Kc1 Qc2# 0-1